000 01944cam a2200469 i 4500
001 zz2003907588
003 NUKAT
005 20260428210952.0
008 030423s1953 pl l |000 0 pol c
035 _a(OCoLC)1412903725
035 _a(NUKAT)zz2003907588
040 _aLUBL U/MG
_bpol
_erda
_cLUBL U/MG
_dLUBL U/bg
_dLUBL U/ILs
_dWR O/AKs
_dKR U/mal
_dOLSZT 008/AL
041 0 _apol
_alat
045 2 _bd1621
_bd1648
046 _k1953
_o1621
_p1648
245 0 0 _aAkta sejmikowe województwa krakowskiego.
_nT. 2,
_p[1621-1660].
_n[fasc. 1],
_p1621-1648 /
_cwydał Adam Przyboś ; Polska Akademia Nauk. Instytut Historii.
260 _aKraków :
_bnakładem Polskiej Akademii Umiejetności,
_c1953.
300 _a376 stron ;
_c31 cm.
336 _aTekst
_btxt
_2rdacontent
337 _aBez urządzenia pośredniczącego
_bn
_2rdamedia
338 _aWolumin
_bnc
_2rdacarrier
380 _aKsiążki
380 _aPublikacje naukowe
388 1 _a1901-2000
388 1 _a1945-1989
500 _aOpis według okładki.
546 _aTekst częściowo w języku. łacińskim.
648 7 _a1601-1700
_2DBN
_936034
650 7 _aSejmiki (przedrozbiorowe)
_2DBN
_938394
650 7 _aSejmiki szlacheckie
_y17 w.
_vźródła.
_2kaba
_940836
651 7 _aKraków (woj. małopolskie ; okolice)
_2DBN
_940837
651 7 _aWojewództwo krakowskie (1314-1795)
_2DBN
_940840
651 7 _aKraków (Polska ; region)
_xpolityka i rządy
_y17 w.
_vźródła.
_2kaba
_940839
651 7 _aKraków (Polska ; region)
_xpolityka i rządy
_y17 w.
_vźródła.
_2kaba
_940839
655 7 _aWydawnictwo źródłowe
_2DBN
_935066
658 _aHistoria
658 _aPolityka, politologia, administracja publiczna
700 1 _aPrzyboś, Adam
_d(1906-1990).
_eWydawca
_911750
710 2 _aPolska Akademia Nauk.
_bInstytut Historii.
_eInstytucja sprawcza
_96496
710 2 _aPolska Akademia Umiejętności (1919-1952).
_eWydawca
_4pbl
_91634
942 _2ddc
_cBK_NM
999 _c27854
_d27854